| 000 | 00333nam a22001337a 4500 | ||
|---|---|---|---|
| 082 |
_a355.009273 _bKIN |
||
| 100 |
_aKing, Cooper _949458 |
||
| 245 | _aGeorge Washington | ||
| 260 |
_aLondon, _bChapman and Hall, _c1894. |
||
| 300 |
_a276p. _c22cm. |
||
| 500 | _aMCE | ||
| 526 |
_a0 _b0 _c0 _d355_009273000000000_KIN |
||
| 942 |
_2ddc _cBK |
||
| 999 |
_c552237 _d552237 |
||